000
00282nam a2200109Ia 4500
001
588929
005
20250717120839.0
008
250717s9999 xx 000 0 und d
245
0
_a
Y-8 MAYTAP VE PROFESÖR GİBİ
_c
SÜMEYRA TURANALP
260
_b
ERDEM YAYINLARI
_c
2017
300
_b
112
999
_c
588929
_d
588929